| 000 | 00396nam a22001457a 4500 | ||
|---|---|---|---|
| 020 | _a9788120342910 | ||
| 082 | _a621.3824 YAD | ||
| 100 | _aYadava, R.L. | ||
| 245 | _aAntenna and wave propagation | ||
| 260 |
_aNew Delhi, India _bPHI Learning _c2011 |
||
| 300 |
_axvi, 732 p. _bill. ; |
||
| 500 | _aIncludes index. | ||
| 650 | _a1. Antennas (Electronics) 2. Radio wave propagation. | ||
| 942 | _cBK | ||
| 999 |
_c12418 _d12418 |
||